Kuliaat-e-Meera Ji (Record no. 299626)
[ view plain ]
| 000 -LEADER | |
|---|---|
| fixed length control field | 00273 a2200121 4500 |
| 001 - CONTROL NUMBER | |
| control field | 64553 |
| 082 ## - DEWEY DECIMAL CLASSIFICATION NUMBER | |
| Classification number | 891.4391 MEE |
| 090 ## - LOCALLY ASSIGNED LC-TYPE CALL NUMBER (OCLC); LOCAL CALL NUMBER (RLIN) | |
| -- | 38181 |
| -- | 38181 |
| 100 ## - MAIN ENTRY--PERSONAL NAME | |
| Personal name | Dr Jamil Jalbai |
| 245 ## - TITLE STATEMENT | |
| Title | Kuliaat-e-Meera Ji |
| 260 ## - PUBLICATION, DISTRIBUTION, ETC. | |
| Place of publication, distribution, etc. | Lahore |
| Name of publisher, distributor, etc. | Sang-e-Meel |
| Date of publication, distribution, etc. | 1996 |
| 300 ## - PHYSICAL DESCRIPTION | |
| Extent | 1248p. |
| 942 ## - ADDED ENTRY ELEMENTS (KOHA) | |
| Institution code [OBSOLETE] | NUST-CAE |
| Call number prefix | 891.4391 MEE |
| Withdrawn status | Lost status | Damaged status | Not for loan | Collection code | Permanent Location | Current Location | Date acquired | Total Checkouts | Full call number | Barcode | Date last seen | Price effective from | Koha item type |
|---|---|---|---|---|---|---|---|---|---|---|---|---|---|
| College of Aeronautical Engineering (CAE) | College of Aeronautical Engineering (CAE) | 04/03/2017 | 891.4391 MEE | CAEN-4087 | 04/05/2017 | 04/05/2017 | Book |
